000 00473nam a2200181Ia 4500
003 LK-CoDNM
008 010623t1924 xxu||||| |||| 00| 1 sin d
040 _aLK-CoDNM
_dLK-CoDNM
_eLK-CoDNM
041 _asin
080 _a104 D.3
100 _aAbeysekara,D.L.H.De Silva
245 _aවනසැවුල් සංදේශය
246 _aVaana Sevul Sandesaya
260 _bVidya Vilasa
_aAlutgama
_c1924
300 _b47, 21 cm
650 _aSandesha
942 _cBK
999 _c92505
_d92505